000 00734cam a22002653a 4500
001 6555
003 PGUSA
005 20140828083134.0
008 040901s2004||||xxu|||||s|||||000 | eng d
040 _aPGUSA
_beng
042 _adc
050 4 _aPR
100 1 _aWilde, Oscar,
_d1854-1900
245 1 0 _aDe Profundis
_h[electronic resource] /
_cOscar Wilde
260 _bProject Gutenberg,
_c2004
506 _aCopyrighted. Read the copyright notice inside this book for details.
516 _aElectronic text
653 _aSuffering
653 _aGrief
653 _aWilde, Oscar, 1854-1900
653 _aImprisonment
830 0 _aProject Gutenberg
_v6555
856 4 0 _uhttp://www.gutenberg.org/ebooks/6555
942 _cAB
999 _c235875
_d235875